000 01168nam a22003377a 4500
001 0011035
003 KOHA_MİRAKIL
005 20260207001803.0
007 ta
008 110316b1995 tu a|||gr||||#||||0|tur |
020 _a9757268054
_c0,01
040 _aTR-BiSEU
_btur
_cTR-BiSEU
_erda
041 0 _atur
044 _ctu
050 _aKKX2935.I88
_bO98 1995
100 1 _aÖztürk, Said.
245 1 _aAskeri kassama ait onyedinci asır İstanbul tereke defterleri :
_bsosyo-ekonomik tahlil/
_cSaid Öztürk ; Said Öztürk.
264 1 _aİstanbul :
_bİstanbul Osmanlı Araştırmaları Vakfı
_c1995
300 _a499 sayfa: resimli; 25 cm.
336 _ametin
_btxt
_2rdacontent
337 _aaracısız
_bn
_2rdamedia
338 _acilt
_bnc
_2rdacarrier
490 1 _aOsmanlı Araştırmaları Vakfı yayınları ;
_vno.
490 1 _a7.
500 _aKaynakça ve dizin var.
650 0 _aDecedents' estates--Istanbul (Turkey)--Sources.
_926883
650 0 _aInheritance and succession--Istanbul (Turkey)--Sources.
_926884
830 1 _aOsmanlı Araştırmaları Vakfı yayınları ;
_vno.
_917661
830 1 _a7.
_97119
942 _2lcc
_cBK
999 _c11005
_d11005